[Event "4NCL/Div2/WGR3 vs. BRI1"]
[Site "Birmingham ENG"]
[Date "2006.05.01"]
[Round "11.1"]
[White "Bellon Lopez, Juan M"]
[Black "Beaumont, Chris"]
[Result "1-0"]
[WhiteElo "2440"]
[BlackElo "2329"]
[PlyCount "155"]
[EventDate "2006.05.01"]
[EventType "team"]
[EventRounds "11"]
[EventCountry "ENG"]
[SourceDate "2006.05.01"]
[WhiteTeam "Wood Green 3"]
[BlackTeam "Bristol 1"]

1. d4 d6 2. e4 Nf6 3. Nc3 g6 4. Be3 Bg7 5. Qd2 c6 6. Bh6 Bxh6 7. Qxh6 Qa5 8.
O-O-O Nbd7 9. d5 Nc5 10. e5 dxe5 11. Nf3 Bg4 12. dxc6 Bxf3 13. gxf3 bxc6 14. a3
Ne6 15. Bc4 Nd4 16. f4 Nf5 17. Qg5 O-O 18. Rhe1 e4 19. Nxe4 Nxe4 20. Rxe4 Qb6
21. Re2 Rad8 22. Red2 Rxd2 23. Rxd2 Rd8 24. Rxd8+ Qxd8 25. Bd3 h6 26. Qg4 e6
27. Bxf5 exf5 28. Qf3 Qd4 29. Qe3 Qa4 30. Kb1 h5 31. b3 Qxa3 32. Qe8+ Kg7 33.
Qxc6 Qb4 34. Qf3 a5 35. Kb2 f6 36. c3 Qd6 37. Qe3 h4 38. h3 Kh6 39. c4 g5 40.
c5 Qd5 41. Qc3 Qe6 42. Qxa5 g4 43. hxg4 fxg4 44. Qb6 Qd5 45. Qxf6+ Kh5 46. Qe5+
Qxe5+ 47. fxe5 h3 48. c6 h2 49. c7 h1=Q 50. c8=Q Qe1 51. Qh8+ Kg5 52. Qf6+ Kh5
53. Qf5+ Kh4 54. Qf4 Qe2+ 55. Kc3 Qe1+ 56. Kc4 Qe2+ 57. Kb4 Qe1+ 58. Kb5 Kh5
59. b4 Qe2+ 60. Kb6 Qd3 61. Qf7+ Kh4 62. Qf6+ Kh5 63. Qd6 Qf5 64. Qd4 Qe6+ 65.
Ka5 Qa2+ 66. Kb5 Qe6 67. Qc5 Qd7+ 68. Kc4 Qe6+ 69. Qd5 Qa6+ 70. Kb3 Qe2 71.
Qf7+ Kh4 72. Qf6+ Kh5 73. Qf5+ Kh4 74. e6 Qd1+ 75. Kc4 Qc1+ 76. Kb5 Qc7 77.
Qf6+ Kh3 78. e7 1-0

[Event "4NCL/Div2/WGR3 vs. BRI1"]
[Site "Birmingham ENG"]
[Date "2006.05.01"]
[Round "11.2"]
[White "Cobb, Charles"]
[Black "Levitt, Jonathan P"]
[Result "1/2-1/2"]
[WhiteElo "2404"]
[BlackElo "2448"]
[PlyCount "203"]
[EventDate "2006.05.01"]
[EventType "team"]
[EventRounds "11"]
[EventCountry "ENG"]
[SourceDate "2006.05.01"]
[WhiteTeam "Bristol 1"]
[BlackTeam "Wood Green 3"]

1. c4 c6 2. Nc3 d5 3. e3 Nf6 4. d4 g6 5. Nf3 Bg7 6. Be2 O-O 7. O-O a6 8. c5
Nbd7 9. b4 Re8 10. Bb2 e5 11. Nxe5 Nxe5 12. dxe5 Rxe5 13. Na4 Re4 14. Nb6 Rb8
15. Bd4 Nd7 16. Bf3 Rxd4 17. exd4 Nxb6 18. cxb6 Qxb6 19. Qd2 Qxd4 20. Qxd4 Bxd4
21. Rac1 Bf5 22. g4 Be6 23. a4 Rd8 24. Rfd1 Ba7 25. Rd2 Bb8 26. Rd3 Bf4 27. Rc2
g5 28. b5 axb5 29. axb5 cxb5 30. Rb2 d4 31. Rd1 Bc4 32. Bxb7 Rd6 33. Kg2 d3 34.
Bf3 Kg7 35. Rdb1 d2 36. Bd1 Re6 37. Rxb5 Bxb5 38. Rxb5 Re1 39. Rb1 Kf6 40. h3
Ke5 41. Rb5+ Kd4 42. Bf3 Re6 43. Rd5+ Kc3 44. Rc5+ Kb4 45. Rd5 Re7 46. h4 h6
47. h5 Rc7 48. Rd8 Kc3 49. Rh8 Rc6 50. Rd8 Bd6 51. Rd7 f6 52. Rh7 Be5 53. Rxh6
Rd6 54. Rh8 d1=Q 55. Bxd1 Rxd1 56. Rc8+ Kb4 57. Kf3 Rd4 58. h6 Rf4+ 59. Ke3
Rxg4 60. h7 f5 61. h8=Q Re4+ 62. Kf3 Bxh8 63. Rxh8 Kc4 64. Rf8 Rf4+ 65. Kg3 Kd5
66. Re8 Ra4 67. f3 Ra3 68. Kg2 Kd4 69. Kf2 Ra2+ 70. Kf1 Rb2 71. Ke1 Kd5 72. Kf1
Rb6 73. Kf2 Kd4 74. Kf1 Rb5 75. Kf2 Rc5 76. Re7 Kd5 77. Re8 Rc2+ 78. Kf1 Rc6
79. Kf2 Kd6 80. Kf1 Rc5 81. Kf2 Ra5 82. Kf1 Re5 83. Rg8 f4 84. Rb8 Ke6 85. Re8+
Kf6 86. Rf8+ Kg7 87. Rd8 Re6 88. Kf2 Rb6 89. Re8 Kg6 90. Rg8+ Kf6 91. Rf8+ Ke5
92. Re8+ Kf6 93. Rf8+ Kg7 94. Rd8 Rb2+ 95. Kf1 Kf6 96. Rd5 Kg6 97. Rd8 Kf6 98.
Rd5 Ra2 99. Ke1 Kg6 100. Rd8 Kh6 101. Kf1 g4 102. Rh8+ 1/2-1/2

[Event "4NCL/Div2/WGR3 vs. BRI1"]
[Site "Birmingham ENG"]
[Date "2006.05.01"]
[Round "11.3"]
[White "Martin, Andrew D"]
[Black "Rudd, Jack"]
[Result "1-0"]
[WhiteElo "2433"]
[BlackElo "2299"]
[PlyCount "67"]
[EventDate "2006.05.01"]
[EventType "team"]
[EventRounds "11"]
[EventCountry "ENG"]
[SourceDate "2006.05.01"]
[WhiteTeam "Wood Green 3"]
[BlackTeam "Bristol 1"]

1. d4 d6 2. c4 e5 3. Nc3 exd4 4. Qxd4 Nc6 5. Qd2 g6 6. b3 Bg7 7. Bb2 Nf6 8. g3
O-O 9. Nh3 Bf5 10. Bg2 Re8 11. Nf4 Ne5 12. O-O Rb8 13. e4 Bd7 14. Rad1 a6 15.
Nfd5 Nh5 16. Ne2 f5 17. f4 Ng4 18. Bxg7 Nxg7 19. h3 Nh6 20. Qb2 Rf8 21. e5 Nh5
22. exd6 cxd6 23. Bf3 b5 24. Bxh5 gxh5 25. Nd4 Rf7 26. Rfe1 Rg7 27. Kh2 h4 28.
Ne6 Bxe6 29. Rxe6 Nf7 30. Nf6+ Kf8 31. gxh4 Qc7 32. Rde1 Nd8 33. Re8+ Kf7 34.
Nd5 1-0

[Event "4NCL/Div2/WGR3 vs. BRI1"]
[Site "Birmingham ENG"]
[Date "2006.05.01"]
[Round "11.4"]
[White "Buckley, David E"]
[Black "Sowray, Peter J"]
[Result "1/2-1/2"]
[WhiteElo "2246"]
[BlackElo "2352"]
[PlyCount "145"]
[EventDate "2006.05.01"]
[EventType "team"]
[EventRounds "11"]
[EventCountry "ENG"]
[SourceDate "2006.05.01"]
[WhiteTeam "Bristol 1"]
[BlackTeam "Wood Green 3"]

1. e4 g6 2. d4 Bg7 3. Nc3 d6 4. Be3 a6 5. a4 b6 6. g3 Bb7 7. Bg2 Nd7 8. Nge2 e6
9. O-O Ne7 10. Qd2 h6 11. f4 d5 12. exd5 Bxd5 13. Nxd5 exd5 14. f5 gxf5 15. Bh3
Nf6 16. Bxf5 Ne4 17. Qd3 Nd6 18. Bh3 Ng6 19. Rae1 O-O 20. Nf4 Nxf4 21. Rxf4 Ne4
22. Bg2 Qd7 23. Bxe4 dxe4 24. Rxe4 Qxa4 25. b3 Qc6 26. d5 Qc3 27. Qxc3 Bxc3 28.
Rd1 Bg7 29. Bf4 b5 30. Bxc7 a5 31. d6 a4 32. bxa4 bxa4 33. d7 Bf6 34. Be5 Bxe5
35. Rxe5 a3 36. c4 a2 37. Ra1 Rfb8 38. Re2 Rb1+ 39. Kf2 Rxa1 40. Re8+ Kg7 41.
Rxa8 Rd1 42. Rxa2 Rxd7 43. c5 Rc7 44. Rc2 Rc6 45. Kf3 Kf6 46. Ke4 Ke7 47. Kd5
Rf6 48. Ra2 Kd7 49. Ra7+ Kd8 50. Ra4 Rf2 51. Rh4 Rf5+ 52. Kc6 Rf6+ 53. Kb7 Rf5
54. Rd4+ Ke7 55. c6 Rb5+ 56. Ka6 Rb2 57. c7 Rc2 58. Kb6 Rb2+ 59. Kc5 Rc2+ 60.
Rc4 Rxc4+ 61. Kxc4 Kd7 62. Kd5 Kxc7 63. Ke5 Kd7 64. Kf6 Ke8 65. Kg7 h5 66. h4
Ke7 67. Kh6 Kf6 68. Kxh5 Kf5 69. g4+ Kf4 70. g5 Kg3 71. Kh6 Kxh4 72. Kg7 Kxg5
73. Kxf7 1/2-1/2

[Event "4NCL/Div2/WGR3 vs. BRI1"]
[Site "Birmingham ENG"]
[Date "2006.05.01"]
[Round "11.5"]
[White "Rechel, Bernd"]
[Black "Dilleigh, Stephen P"]
[Result "1-0"]
[WhiteElo "2416"]
[BlackElo "2149"]
[PlyCount "79"]
[EventDate "2006.05.01"]
[EventType "team"]
[EventRounds "11"]
[EventCountry "ENG"]
[SourceDate "2006.05.01"]
[WhiteTeam "Wood Green 3"]
[BlackTeam "Bristol 1"]

1. e4 e6 2. d4 d5 3. Nd2 c5 4. exd5 exd5 5. Bb5+ Bd7 6. Qe2+ Be7 7. dxc5 Nf6 8.
Nb3 O-O 9. Be3 Re8 10. O-O-O a6 11. Bxd7 Nbxd7 12. Qd2 Rc8 13. Ne2 Nxc5 14.
Nxc5 Bxc5 15. Bxc5 Rxc5 16. f3 Qc7 17. Nd4 Rc8 18. Kb1 Rc4 19. c3 Qb6 20. Ka1
Re8 21. Rhe1 Rcc8 22. Qg5 Qc5 23. Nf5 Qf8 24. h4 Re6 25. h5 Rce8 26. Rh1 Rb6
27. h6 g6 28. Rhe1 Rbe6 29. Rxe6 fxe6 30. Ne3 Nh5 31. g4 Qf6 32. Qxf6 Nxf6 33.
g5 Nd7 34. c4 Nb6 35. Ng4 Rc8 36. b3 Rc7 37. Nf6+ Kh8 38. Re1 Nd7 39. cxd5 Nxf6
40. gxf6 1-0

[Event "4NCL/Div2/WGR3 vs. BRI1"]
[Site "Birmingham ENG"]
[Date "2006.05.01"]
[Round "11.6"]
[White "Amarawickrama, Himanshu A"]
[Black "Tan, Desmond"]
[Result "0-1"]
[WhiteElo "2205"]
[BlackElo "2323"]
[PlyCount "92"]
[EventDate "2006.05.01"]
[EventType "team"]
[EventRounds "11"]
[EventCountry "ENG"]
[SourceDate "2006.05.01"]
[WhiteTeam "Bristol 1"]
[BlackTeam "Wood Green 3"]

1. d4 Nf6 2. c4 e6 3. Nc3 Bb4 4. e3 b6 5. Bd3 Bb7 6. f3 Nh5 7. Qe2 Qh4+ 8. Qf2
Bxc3+ 9. bxc3 Qxf2+ 10. Kxf2 f5 11. Ne2 Nf6 12. Ba3 Ba6 13. Rhd1 Nc6 14. c5
Bxd3 15. Rxd3 bxc5 16. Bxc5 d6 17. Ba3 Na5 18. Rb1 Nc4 19. Bc1 a5 20. Ng3 d5
21. Nf1 O-O 22. Nd2 Ne4+ 23. Ke2 Nexd2 24. Bxd2 Rfb8 25. Rxb8+ Rxb8 26. Bc1 Rb1
27. Rd1 Ra1 28. a3 Ra2+ 29. Kf1 Rc2 30. e4 fxe4 31. fxe4 dxe4 32. Re1 Rxc3 33.
Bf4 e3 34. a4 c6 35. Bc7 Rd3 36. Rc1 Rxd4 37. Ke2 Kf7 38. g3 e5 39. h4 Ke6 40.
Bb8 Kd5 41. Ba7 c5 42. Rb1 Rd2+ 43. Ke1 Rh2 44. Rb5 Ke4 45. Rxc5 Kf3 46. Kd1
e2+ 0-1

[Event "4NCL/Div2/WGR3 vs. BRI1"]
[Site "Birmingham ENG"]
[Date "2006.05.01"]
[Round "11.7"]
[White "Grant, Jonathan"]
[Black "James, Ann-Marie"]
[Result "1-0"]
[WhiteElo "2254"]
[BlackElo "2082"]
[PlyCount "151"]
[EventDate "2006.05.01"]
[EventType "team"]
[EventRounds "11"]
[EventCountry "ENG"]
[SourceDate "2006.05.01"]
[WhiteTeam "Wood Green 3"]
[BlackTeam "Bristol 1"]

1. c4 e6 2. Nc3 d5 3. d4 Nf6 4. Bg5 Bb4 5. Nf3 h6 6. Bxf6 Qxf6 7. e3 O-O 8. Qb3
c5 9. cxd5 exd5 10. dxc5 Bxc3+ 11. Qxc3 Qxc3+ 12. bxc3 Nd7 13. Rd1 Nxc5 14.
Rxd5 b6 15. Rd4 Be6 16. c4 Na4 17. Kd2 Rac8 18. Ne5 Rc7 19. Be2 Rfc8 20. Rb1 f6
21. Ng6 Kf7 22. Nf4 Bxc4 23. Bg4 b5 24. Bxc8 Rxc8 25. Rd7+ Kg8 26. f3 a6 27.
Rc1 Nc5 28. Rd6 Bxa2 29. Ke2 Bc4+ 30. Kf2 a5 31. Rcd1 Kf7 32. Nd5 a4 33. Nb6
Rc7 34. Nxc4 bxc4 35. Rc1 a3 36. Rxc4 a2 37. Rd1 Nd3+ 38. Ke2 Rxc4 39. Kxd3 Rb4
40. Kc2 f5 41. Ra1 Rc4+ 42. Kb3 Rc6 43. Rxa2 Re6 44. Re2 Rc6 45. Rc2 Re6 46.
Rc7+ Kf6 47. Rc3 Rd6 48. Kc2 Ra6 49. Kd2 g5 50. Rc2 Rb6 51. Ke2 Ra6 52. Kf2 Rb6
53. Ra2 Rc6 54. h3 h5 55. Kg3 Re6 56. Ra3 Kg6 57. Rb3 Ra6 58. h4 Re6 59. hxg5
Kxg5 60. Kf2 Ra6 61. Rb7 Ra2+ 62. Kg3 Kg6 63. Rb6+ Kg7 64. Kf4 Rxg2 65. Kxf5 h4
66. Rb4 h3 67. Rh4 h2 68. e4 Kf7 69. Kf4 Ke6 70. Ke3 Ra2 71. Rh6+ Ke7 72. f4
Ra3+ 73. Kf2 Ra4 74. Kf3 Ra3+ 75. Kg4 Re3 76. e5 1-0

[Event "4NCL/Div2/RICA vs. CAMB1"]
[Site "Birmingham ENG"]
[Date "2006.05.01"]
[Round "11.1"]
[White "Hinks-Edwards, Thomas"]
[Black "Mah, Karl C C"]
[Result "1/2-1/2"]
[WhiteElo "2345"]
[BlackElo "2425"]
[PlyCount "38"]
[EventDate "2006.05.01"]
[EventType "team"]
[EventRounds "11"]
[EventCountry "ENG"]
[SourceDate "2006.05.01"]
[WhiteTeam "Richmond A"]
[BlackTeam "Cambridge U 1"]

1. e4 d6 2. d4 Nf6 3. Nc3 e5 4. dxe5 dxe5 5. Qxd8+ Kxd8 6. Bc4 Be6 7. Bxe6 fxe6
8. f3 Bc5 9. Na4 Bd6 10. Be3 Nbd7 11. O-O-O b5 12. Nc5 Nxc5 13. Bxc5 Ke7 14.
Be3 c5 15. Ne2 Rhc8 16. Rd2 c4 17. h4 Bc5 18. Bxc5+ Rxc5 19. Rdd1 Rd8 1/2-1/2

[Event "4NCL/Div2/RICA vs. CAMB1"]
[Site "Birmingham ENG"]
[Date "2006.05.01"]
[Round "11.2"]
[White "Dearing, Eddie"]
[Black "Bates, Richard A"]
[Result "1/2-1/2"]
[WhiteElo "2418"]
[BlackElo "2383"]
[PlyCount "53"]
[EventDate "2006.05.01"]
[EventType "team"]
[EventRounds "11"]
[EventCountry "ENG"]
[SourceDate "2006.05.01"]
[WhiteTeam "Cambridge U 1"]
[BlackTeam "Richmond A"]

1. c4 g6 2. Nc3 Bg7 3. g3 Nf6 4. Bg2 O-O 5. Nf3 d6 6. O-O e5 7. d3 Nc6 8. Rb1
a5 9. h3 h6 10. e4 Be6 11. Nd5 Nh7 12. Nh4 Nd4 13. Be3 c6 14. Nc3 g5 15. Nf3 f5
16. Bxd4 exd4 17. exf5 Bxf5 18. Ne2 Qb6 19. Ne1 h5 20. Nc2 Rf7 21. b3 Re8 22.
Qd2 Rfe7 23. Rbe1 Bf6 24. Nc1 Be5 25. Ne2 Bf6 26. Nc1 Be5 27. Ne2 1/2-1/2

[Event "4NCL/Div2/RICA vs. CAMB1"]
[Site "Birmingham ENG"]
[Date "2006.05.01"]
[Round "11.3"]
[White "Wall, Gavin"]
[Black "Pinter, Gabor"]
[Result "1/2-1/2"]
[WhiteElo "2342"]
[BlackElo "2353"]
[PlyCount "64"]
[EventDate "2006.05.01"]
[EventType "team"]
[EventRounds "11"]
[EventCountry "ENG"]
[SourceDate "2006.05.01"]
[WhiteTeam "Richmond A"]
[BlackTeam "Cambridge U 1"]

1. e4 c5 2. Nf3 e6 3. c3 Nf6 4. e5 Nd5 5. Na3 Nc6 6. Nc4 b6 7. d4 cxd4 8. Nxd4
Nxd4 9. Qxd4 Bb7 10. Be2 f5 11. Bh5+ g6 12. Bf3 Qb8 13. Bg5 Bc5 14. Qd2 b5 15.
Nd6+ Bxd6 16. exd6 Qxd6 17. O-O-O Rc8 18. Kb1 Kf7 19. h4 h5 20. Rhe1 a5 21.
Bxd5 Bxd5 22. Qd4 Kg8 23. Bf4 Qf8 24. Qa7 Qc5 25. Qxd7 Rh7 26. Qd6 Qxd6 27.
Bxd6 Rd7 28. Be5 Rcd8 29. Kc1 Bxa2 30. Bc7 Rxd1+ 31. Rxd1 Rxd1+ 32. Kxd1 a4
1/2-1/2

[Event "4NCL/Div2/RICA vs. CAMB1"]
[Site "Birmingham ENG"]
[Date "2006.05.01"]
[Round "11.4"]
[White "Moskovic, David M"]
[Black "Franklin, Michael J"]
[Result "1-0"]
[WhiteElo "2284"]
[BlackElo "2231"]
[PlyCount "131"]
[EventDate "2006.05.01"]
[EventType "team"]
[EventRounds "11"]
[EventCountry "ENG"]
[SourceDate "2006.05.01"]
[WhiteTeam "Cambridge U 1"]
[BlackTeam "Richmond A"]

1. e4 c5 2. Nf3 a6 3. c4 d6 4. d4 Nd7 5. Nc3 e6 6. d5 e5 7. Bd3 Ne7 8. g4 g6 9.
Rg1 Nf6 10. h3 Bd7 11. Bg5 Bg7 12. Qd2 h6 13. Bxf6 Bxf6 14. h4 Qa5 15. O-O-O
O-O-O 16. Kb1 Kb8 17. Rg3 Nc8 18. h5 Rdg8 19. Rdg1 Qd8 20. Nd1 Bg5 21. Nxg5
Qxg5 22. Qxg5 hxg5 23. Be2 Ne7 24. Ne3 Kc7 25. Kc2 Kd8 26. Kd3 Rg7 27. a3 Ng8
28. hxg6 fxg6 29. Nf1 Rf7 30. R1g2 Rf4 31. Rh2 Rxh2 32. Nxh2 Nf6 33. f3 Nh7 34.
b4 b6 35. Rh3 Rf7 36. Nf1 Kc7 37. Ne3 Nf8 38. Rh8 Kd8 39. Kc3 Ke7 40. Nd1 Rh7
41. Rxh7+ Nxh7 42. Nb2 Kd8 43. Bd1 Kc7 44. Ba4 Bxa4 45. Nxa4 Nf8 46. Kb3 Nd7
47. Nc3 Kb7 48. Ka4 Ka7 49. Nd1 Kb7 50. Nf2 Ka7 51. Nh3 Nf8 52. bxc5 bxc5 53.
Nxg5 Nd7 54. Ne6 Nb6+ 55. Kb3 Nc8 56. f4 exf4 57. Nxf4 Ne7 58. Nd3 Kb6 59. g5
Nc8 60. Nf4 Ne7 61. Ka4 Kb7 62. Ne6 Nc8 63. Nf8 Ne7 64. Ka5 Nc8 65. Nxg6 Nb6
66. Ne7 1-0

[Event "4NCL/Div2/RICA vs. CAMB1"]
[Site "Birmingham ENG"]
[Date "2006.05.01"]
[Round "11.5"]
[White "Bisby, Daniel L"]
[Black "Churm, Rohan M"]
[Result "1/2-1/2"]
[WhiteElo "2274"]
[BlackElo "2166"]
[PlyCount "45"]
[EventDate "2006.05.01"]
[EventType "team"]
[EventRounds "11"]
[EventCountry "ENG"]
[SourceDate "2006.05.01"]
[WhiteTeam "Richmond A"]
[BlackTeam "Cambridge U 1"]

1. d4 d5 2. c4 c6 3. Nf3 Nf6 4. Nc3 e6 5. Bg5 dxc4 6. e4 b5 7. e5 h6 8. Bh4 g5
9. Nxg5 hxg5 10. Bxg5 Nbd7 11. exf6 Bb7 12. g3 Bh6 13. Bxh6 Rxh6 14. Qd2 Rg6
15. Bg2 Nxf6 16. Nxb5 Rb8 17. Na3 c5 18. Bxb7 Rxb7 19. O-O Qd5 20. Rac1 Ne4 21.
Qd1 Ng5 22. f3 Rxb2 23. Rc2 1/2-1/2

[Event "4NCL/Div2/RICA vs. CAMB1"]
[Site "Birmingham ENG"]
[Date "2006.05.01"]
[Round "11.6"]
[White "Eckersley-Waites, Adam"]
[Black "Manning, Russell P"]
[Result "1-0"]
[WhiteElo "2138"]
[BlackElo "2150"]
[PlyCount "49"]
[EventDate "2006.05.01"]
[EventType "team"]
[EventRounds "11"]
[EventCountry "ENG"]
[SourceDate "2006.05.01"]
[WhiteTeam "Cambridge U 1"]
[BlackTeam "Richmond A"]

1. e4 c6 2. d4 d5 3. exd5 cxd5 4. c4 Nf6 5. Nc3 e6 6. Nf3 Bb4 7. Bd3 Bxc3+ 8.
bxc3 dxc4 9. Bxc4 a6 10. O-O Nd5 11. Ba3 Qa5 12. Qb3 Nc6 13. Bxd5 exd5 14.
Rfe1+ Be6 15. Qxb7 Qxa3 16. Qxa8+ Nd8 17. Qxd5 O-O 18. Qc5 Qxc5 19. dxc5 Nb7
20. c6 Nd6 21. Rad1 Nb5 22. Nd4 Nc7 23. Nxe6 Nxe6 24. Rxe6 fxe6 25. c7 1-0

[Event "4NCL/Div2/RICA vs. CAMB1"]
[Site "Birmingham ENG"]
[Date "2006.05.01"]
[Round "11.7"]
[White "Mitchem, Nicholas D"]
[Black "Garner, David"]
[Result "0-1"]
[WhiteElo "2060"]
[BlackElo "2191"]
[PlyCount "86"]
[EventDate "2006.05.01"]
[EventType "team"]
[EventRounds "11"]
[EventCountry "ENG"]
[SourceDate "2006.05.01"]
[WhiteTeam "Richmond A"]
[BlackTeam "Cambridge U 1"]

1. e4 e6 2. d4 d5 3. exd5 exd5 4. Bd3 Nf6 5. Bf4 Nc6 6. c3 Bg4 7. Ne2 Nh5 8.
Bg3 Nxg3 9. hxg3 Qf6 10. Qd2 Bf5 11. Na3 Bxa3 12. bxa3 O-O 13. O-O Na5 14. Nf4
c6 15. Nh5 Qg6 16. Nf4 Qg5 17. Bxf5 Qxf5 18. Rae1 Rfe8 19. Rxe8+ Rxe8 20. Re1
Qd7 21. Rxe8+ Qxe8 22. Qc1 Nc4 23. a4 Qe7 24. Nd3 f6 25. Kf1 Kf7 26. Qe1 g6 27.
Qxe7+ Kxe7 28. Ke2 b6 29. g4 Kd6 30. f4 Ke6 31. g3 Nd6 32. Nf2 Ne4 33. Nxe4
dxe4 34. c4 f5 35. gxf5+ gxf5 36. Ke3 a6 37. a3 h5 38. Ke2 b5 39. axb5 axb5 40.
Kd2 bxc4 41. a4 Kd6 42. Kc3 e3 43. Kc2 Kc7 0-1

[Event "4NCL/Div2/RICA vs. CAMB1"]
[Site "Birmingham ENG"]
[Date "2006.05.01"]
[Round "11.8"]
[White "Regan, Natasha"]
[Black "Wilson, Alexandra"]
[Result "0-1"]
[WhiteElo "2208"]
[BlackElo "2099"]
[PlyCount "84"]
[EventDate "2006.05.01"]
[EventType "team"]
[EventRounds "11"]
[EventCountry "ENG"]
[SourceDate "2006.05.01"]
[WhiteTeam "Cambridge U 1"]
[BlackTeam "Richmond A"]

1. f4 Nf6 2. Nf3 g6 3. g3 Bg7 4. Bg2 d5 5. O-O c5 6. d3 Nc6 7. c3 O-O 8. Qe1
Bd7 9. Ne5 e6 10. Nxd7 Qxd7 11. e4 dxe4 12. dxe4 Rad8 13. h3 Qd3 14. Nd2 Qb5
15. a4 Qa6 16. g4 Na5 17. f5 exf5 18. gxf5 Nh5 19. Bf3 Nf4 20. Qh4 g5 21. Qg3
Rd3 22. Rf2 Be5 23. Qxg5+ Kh8 24. Qh4 Rg8+ 25. Kh1 Qd6 26. Nf1 Rxf3 27. Rxf3
Ne2 28. Be3 Nc4 29. Qe1 Nxe3 30. Qxe2 Ng2 31. Qd2 Qf6 32. Ne3 Nh4 33. Raf1 Nxf3
34. Rxf3 Qg5 35. Qf2 Bg3 36. Qg2 Qh4 37. f6 Be5 38. Ng4 h5 39. Rf5 Rxg4 40.
Rxh5+ Qxh5 41. Qxg4 Qxg4 42. hxg4 Bxf6 0-1

[Event "4NCL/Div2/SWD1 vs. WES1"]
[Site "Birmingham ENG"]
[Date "2006.05.01"]
[Round "11.1"]
[White "Cobb, James E"]
[Black "Simons, Martin J"]
[Result "1-0"]
[WhiteElo "2365"]
[BlackElo "2293"]
[PlyCount "43"]
[EventDate "2006.05.01"]
[EventType "team"]
[EventRounds "11"]
[EventCountry "ENG"]
[SourceDate "2006.05.01"]
[WhiteTeam "S W Dragons 1"]
[BlackTeam "Wessex 1"]

1. d4 Nf6 2. Nf3 d6 3. g3 Nbd7 4. c4 e5 5. Nc3 c6 6. Bg2 Qc7 7. O-O Be7 8. Nh4
Nb6 9. b3 Nh5 10. Nf3 f5 11. c5 Nd7 12. e4 f4 13. cxd6 Bxd6 14. Nxe5 Bxe5 15.
Qxh5+ g6 16. Qd1 fxg3 17. dxe5 gxh2+ 18. Kh1 Qxe5 19. Bb2 Rf8 20. Qd2 g5 21.
Nd5 Qd6 22. e5 1-0

[Event "4NCL/Div2/SWD1 vs. WES1"]
[Site "Birmingham ENG"]
[Date "2006.05.01"]
[Round "11.2"]
[White "Webb, Richard M"]
[Black "Dineley, Richard D P"]
[Result "1/2-1/2"]
[WhiteElo "2302"]
[BlackElo "2264"]
[PlyCount "36"]
[EventDate "2006.05.01"]
[EventType "team"]
[EventRounds "11"]
[EventCountry "ENG"]
[SourceDate "2006.05.01"]
[WhiteTeam "Wessex 1"]
[BlackTeam "S W Dragons 1"]

1. e4 c5 2. Nc3 Nc6 3. Nge2 d6 4. d4 cxd4 5. Nxd4 e6 6. Be3 Nf6 7. Bc4 Be7 8.
Qe2 O-O 9. O-O-O a6 10. Bb3 Qc7 11. Rhg1 Nd7 12. g4 Nc5 13. g5 Bd7 14. Qh5 Rfc8
15. Rg3 g6 16. Qh6 Bf8 17. Qh4 Be7 18. Qh6 Bf8 1/2-1/2

[Event "4NCL/Div2/SWD1 vs. WES1"]
[Site "Birmingham ENG"]
[Date "2006.05.01"]
[Round "11.3"]
[White "Jones, Richard S"]
[Black "Corkett, Anthony R"]
[Result "1-0"]
[WhiteElo "2308"]
[BlackElo "2354"]
[PlyCount "69"]
[EventDate "2006.05.01"]
[EventType "team"]
[EventRounds "11"]
[EventCountry "ENG"]
[SourceDate "2006.05.01"]
[WhiteTeam "S W Dragons 1"]
[BlackTeam "Wessex 1"]

1. e4 c5 2. Nf3 Nc6 3. d4 cxd4 4. Nxd4 g6 5. c4 Bg7 6. Be3 Nf6 7. Nc3 O-O 8.
Be2 d6 9. O-O Bd7 10. Qd2 Nxd4 11. Bxd4 Bc6 12. Bd3 a6 13. Nd5 Nd7 14. Bxg7
Kxg7 15. Rae1 e5 16. Nc3 Qe7 17. b4 b6 18. Rd1 f5 19. Bc2 Rf6 20. Ba4 Bxa4 21.
Nxa4 Qf7 22. Qe2 Rc8 23. Rd5 b5 24. cxb5 fxe4 25. Rfd1 axb5 26. Rxb5 Qc4 27.
Qxc4 Rxc4 28. Rb7 Rf7 29. Rxd7 Rxd7 30. Nb6 Rcc7 31. Nxd7 Rxd7 32. a4 Kf7 33.
b5 Ke7 34. b6 Kd8 35. Rc1 1-0

[Event "4NCL/Div2/SWD1 vs. WES1"]
[Site "Birmingham ENG"]
[Date "2006.05.01"]
[Round "11.4"]
[White "Upton, Ian J"]
[Black "Trevelyan, John"]
[Result "1/2-1/2"]
[WhiteElo "2259"]
[BlackElo "2190"]
[PlyCount "43"]
[EventDate "2006.05.01"]
[EventType "team"]
[EventRounds "11"]
[EventCountry "ENG"]
[SourceDate "2006.05.01"]
[WhiteTeam "Wessex 1"]
[BlackTeam "S W Dragons 1"]

1. e4 d6 2. d4 Nf6 3. Nc3 e5 4. dxe5 dxe5 5. Qxd8+ Kxd8 6. Bc4 Be6 7. Bxe6 fxe6
8. Be3 a6 9. f3 Nc6 10. Nge2 Bd6 11. Nb1 Nd7 12. Nd2 Bc5 13. Nc4 Bxe3 14. Nxe3
Ke7 15. Nc1 Nc5 16. Nb3 Nxb3 17. axb3 Rhd8 18. c3 Rd7 19. Ke2 Rad8 20. Rhd1
Rxd1 21. Nxd1 a5 22. Ne3 1/2-1/2

[Event "4NCL/Div2/SWD1 vs. WES1"]
[Site "Birmingham ENG"]
[Date "2006.05.01"]
[Round "11.5"]
[White "James, David J"]
[Black "Allicock, Rawle A"]
[Result "0-1"]
[WhiteElo "2222"]
[BlackElo "2302"]
[PlyCount "48"]
[EventDate "2006.05.01"]
[EventType "team"]
[EventRounds "11"]
[EventCountry "ENG"]
[SourceDate "2006.05.01"]
[WhiteTeam "S W Dragons 1"]
[BlackTeam "Wessex 1"]

1. d4 Nf6 2. c4 e6 3. Nc3 Bb4 4. Qc2 Nc6 5. Nf3 d6 6. a3 Bxc3+ 7. Qxc3 a5 8. b3
O-O 9. Bb2 Re8 10. e3 e5 11. h3 Ne4 12. Qc2 exd4 13. Nxd4 Nxd4 14. Bxd4 Qh4 15.
g4 c5 16. Bb2 Bxg4 17. Bg2 Bh5 18. Bxe4 Rxe4 19. Qc3 f6 20. Rh2 Qf4 21. Rg2 Qf3
22. Kf1 Qxh3 23. Kg1 Bf3 24. Rxg7+ Kh8 0-1

[Event "4NCL/Div2/SWD1 vs. WES1"]
[Site "Birmingham ENG"]
[Date "2006.05.01"]
[Round "11.6"]
[White "Yeo, Michael J"]
[Black "Zeidler, Sven P"]
[Result "1-0"]
[WhiteElo "2208"]
[BlackElo "2203"]
[PlyCount "59"]
[EventDate "2006.05.01"]
[EventType "team"]
[EventRounds "11"]
[EventCountry "ENG"]
[SourceDate "2006.05.01"]
[WhiteTeam "Wessex 1"]
[BlackTeam "S W Dragons 1"]

1. e4 d5 2. exd5 Qxd5 3. Nc3 Qd6 4. d4 Nf6 5. Nf3 a6 6. g3 g6 7. Bg2 Bg7 8. O-O
O-O 9. Bf4 Qd8 10. Qd2 c6 11. Bh6 Bg4 12. Bxg7 Kxg7 13. Ne5 Be6 14. Rad1 Nbd7
15. Rfe1 Qc7 16. Nd3 Nb6 17. Rxe6 fxe6 18. Nc5 Qd6 19. Nxb7 Nc4 20. Qe1 Qb4 21.
Nc5 Nxb2 22. Rb1 Rfb8 23. Nxe6+ Kh8 24. Bxc6 Ra7 25. Qe3 Ng4 26. Qf4 g5 27.
Qxg4 Rg8 28. Qf5 Rg6 29. Qe5+ Kg8 30. Bd5 1-0

[Event "4NCL/Div2/SWD1 vs. WES1"]
[Site "Birmingham ENG"]
[Date "2006.05.01"]
[Round "11.7"]
[White "Morris, Charles F"]
[Black "Neil, David R"]
[Result "1-0"]
[WhiteElo "2203"]
[BlackElo "2181"]
[PlyCount "61"]
[EventDate "2006.05.01"]
[EventType "team"]
[EventRounds "11"]
[EventCountry "ENG"]
[SourceDate "2006.05.01"]
[WhiteTeam "S W Dragons 1"]
[BlackTeam "Wessex 1"]

1. Nf3 d5 2. c4 d4 3. b4 g6 4. Bb2 Bg7 5. e3 e5 6. Na3 Ne7 7. exd4 exd4 8. Nc2
c5 9. bxc5 Nbc6 10. Bd3 O-O 11. O-O Bf5 12. Bxf5 Nxf5 13. d3 h5 14. Bc1 Re8 15.
Rb1 Qc7 16. Re1 Bf8 17. Ng5 Rxe1+ 18. Nxe1 Bxc5 19. Ne4 Be7 20. g3 Nd8 21. Qb3
Kg7 22. Ng2 Nd6 23. Bf4 Qc6 24. Be5+ f6 25. Bxd6 Bxd6 26. Nxd6 Qxd6 27. Re1 Rc8
28. Nf4 Rc7 29. Qa4 b6 30. Qe8 Rf7 31. Qxd8 1-0